| 000 | 00765cam a2200241 a 4500 | ||
|---|---|---|---|
| 001 | 2942075 | ||
| 005 | 20180227071454.0 | ||
| 008 | 900829s1991 cau b s001 0 eng | ||
| 010 | _a 90011297 | ||
| 020 | _a0520070925 (alk. paper) | ||
| 020 | _a0520070933 (pbk. : alk. paper) | ||
| 040 |
_aDLC _cDLC _dDLC |
||
| 041 | _aeng | ||
| 080 | _a305.42 MIC | ||
| 082 | 0 | 0 |
_a305.42 MIC _220 |
| 100 | _a23 | ||
| 101 | _aANT | ||
| 245 | 0 | 0 |
_aGender at the crossroads of knowledge : _cedited and with an introduction by Micaela di Leonardo. |
| 504 | _aIncludes bibliographical references and index. | ||
| 906 |
_a7 _bcbc _corignew _d1 _eocip _f19 _gy-gencatlg |
||
| 942 |
_2ddc _cBK |
||
| 999 |
_c43597 _d43597 |
||